Estabilitat pressupostària, equilibri econòmic, i plans de viabilitat econòmica a les entitats locals / Josep Casas i Serra
Publicado:
Barcelona :
Diputació de Barcelona. Àrea d'Hisenda i Recursos Interns. Intervenció General. Servei d'Assistència a la Gestió Econòmica Local ,
2009
Descripción Física:
155 p. : quadres ; 29 cm
MARC
| LEADER | 00000nam a2200000Ia 4500 | ||
|---|---|---|---|
| 001 | 22695 | ||
| 008 | 160829s2009 xx 000 0 cat d | ||
| 080 | |a M-6-354 | ||
| 100 | |a Casas Serra, Josep |9 44552 | ||
| 245 | |a Estabilitat pressupostària, equilibri econòmic, i plans de viabilitat econòmica a les entitats locals / Josep Casas i Serra | ||
| 260 | |a Barcelona : |b Diputació de Barcelona. Àrea d'Hisenda i Recursos Interns. Intervenció General. Servei d'Assistència a la Gestió Econòmica Local, |c 2009 | ||
| 300 | |a 155 p. : |b quadres ; |c 29 cm | ||
| 590 | |a Edició especial per a les accions formatives del Servei d'Assistència a la Gestió Local | ||
| 650 | 0 | |a Pressupost |9 40977 | |
| 650 | |a Equilibri (Economia) |9 40978 | ||
| 710 | 1 | |a Barcelona (Catalunya : Província). |b Servei d’Assistència a la Gestió Econòmica Local |9 53081 | |
| 901 | |a Arxiu | ||
| 942 | |n 1 | ||
| 952 | |0 0 |1 0 |4 0 |6 M6354 |7 1 |9 49975 |a Arxiu |b Arxiu |d 2016-12-01 |l 0 |o M-6-354 |p 22695 |r 2016-12-01 00:00:00 |w 2016-12-01 |y ARXIU | ||
| 999 | |c 53817 |d 53817 | ||